000 00576nam a2200157 4500
999 _c7144
_d7144
008 170803b xxu||||| |||| 00| 0 eng d
022 _a16565541
082 _aDPer 641.05 F73 Dec 2012-Nov 2013 v. 9-10, n. 6-5
100 _921594
_aVivar, Xan Lauza.
245 _aThe lowly mini tart/
_cXan Lauza Vivar.
260 _aMakati City, Philippines:
_bHinge Inquirer Publications, Inc.,
_c©2012-2013.
300 _av10 n3, pages 32-33:
_billustrations;
_c28 cm.
500 _aFood and beverages: make a living with food.
650 0 _921595
_aConfectionery
942 _2ddc
_cPER